<?xml version="1.0" encoding="UTF-8"?>
<record
    xmlns:xsi="http://www.w3.org/2001/XMLSchema-instance"
    xsi:schemaLocation="http://www.loc.gov/MARC21/slim http://www.loc.gov/standards/marcxml/schema/MARC21slim.xsd"
    xmlns="http://www.loc.gov/MARC21/slim">

  <leader>03417nam a2200553Ia 4500</leader>
  <controlfield tag="001">135</controlfield>
  <controlfield tag="008">241029s9999    xx            000 0 und d</controlfield>
  <datafield tag="010" ind1=" " ind2=" ">
    <subfield code="a">115</subfield>
  </datafield>
  <datafield tag="041" ind1=" " ind2=" ">
    <subfield code="a">Espa&#xF1;ol</subfield>
  </datafield>
  <datafield tag="082" ind1=" " ind2=" ">
    <subfield code="a">ISFODOSU TMLA 12-0009 BFEM EJ.1</subfield>
  </datafield>
  <datafield tag="245" ind1=" " ind2="0">
    <subfield code="a">Estrategias pedag&#xF3;gicas de ense&#xF1;anza de lalectura y la escritura en el Primer y Segundo Grado del Nivel B&#xE1;sico en Centros Educativos del Distrito 15-01, Los Alcarrizos, 2011-2012</subfield>
  </datafield>
  <datafield tag="260" ind1=" " ind2=" ">
    <subfield code="a">Santo Domingo</subfield>
  </datafield>
  <datafield tag="300" ind1=" " ind2=" ">
    <subfield code="a">93</subfield>
  </datafield>
  <datafield tag="520" ind1=" " ind2=" ">
    <subfield code="a">18</subfield>
  </datafield>
  <datafield tag="630" ind1=" " ind2=" ">
    <subfield code="a">Ense&#xF1;anza-Aprendizaje</subfield>
  </datafield>
  <datafield tag="630" ind1=" " ind2=" ">
    <subfield code="a">Estrategia Docente</subfield>
  </datafield>
  <datafield tag="630" ind1=" " ind2=" ">
    <subfield code="a">Evaluaci&#xF3;n</subfield>
  </datafield>
  <datafield tag="630" ind1=" " ind2=" ">
    <subfield code="a">Lectoescritura</subfield>
  </datafield>
  <datafield tag="650" ind1=" " ind2=" ">
    <subfield code="a">Lengua Espa&#xF1;ola</subfield>
  </datafield>
  <datafield tag="690" ind1=" " ind2=" ">
    <subfield code="a">Elaborado</subfield>
  </datafield>
  <datafield tag="700" ind1=" " ind2=" ">
    <subfield code="e">asesor</subfield>
    <subfield code="a">Espinal, </subfield>
  </datafield>
  <datafield tag="700" ind1=" " ind2=" ">
    <subfield code="e">autor</subfield>
    <subfield code="a">Figueroa Garc&#xED;a , Biviana</subfield>
  </datafield>
  <datafield tag="901" ind1=" " ind2=" ">
    <subfield code="a">{"1":"Figueroa Garc&#xED;a "}</subfield>
    <subfield code="b">{"1":"Biviana"}</subfield>
  </datafield>
  <datafield tag="902" ind1=" " ind2=" ">
    <subfield code="a">1</subfield>
  </datafield>
  <datafield tag="903" ind1=" " ind2=" ">
    <subfield code="a">{"1":"Espinal"}</subfield>
    <subfield code="b">{"1":"&#xC3;"lga"}</subfield>
  </datafield>
  <datafield tag="904" ind1=" " ind2=" ">
    <subfield code="a">Mag&#xED;ster en</subfield>
  </datafield>
  <datafield tag="905" ind1=" " ind2=" ">
    <subfield code="a">Ling&#xFC;&#xED;stica Aplicada</subfield>
  </datafield>
  <datafield tag="906" ind1=" " ind2=" ">
    <subfield code="a">1</subfield>
  </datafield>
  <datafield tag="907" ind1=" " ind2=" ">
    <subfield code="a">Orientada en</subfield>
  </datafield>
  <datafield tag="908" ind1=" " ind2=" ">
    <subfield code="a">Ling&#xFC;&#xED;stica Aplicada a la Lengua Espa&#xF1;ola</subfield>
  </datafield>
  <datafield tag="909" ind1=" " ind2=" ">
    <subfield code="a">ISFODOSU, Recinto F&#xE9;lix Evaristo Mej&#xED;a</subfield>
  </datafield>
  <datafield tag="910" ind1=" " ind2=" ">
    <subfield code="a">NULL</subfield>
    <subfield code="b">NULL</subfield>
  </datafield>
  <datafield tag="911" ind1=" " ind2=" ">
    <subfield code="a">["1"]</subfield>
  </datafield>
  <datafield tag="912" ind1=" " ind2=" ">
    <subfield code="a">NO APLICA</subfield>
  </datafield>
  <datafield tag="913" ind1=" " ind2=" ">
    <subfield code="a">NULL</subfield>
  </datafield>
  <datafield tag="914" ind1=" " ind2=" ">
    <subfield code="a">01 de Agosto de 2012</subfield>
  </datafield>
  <datafield tag="915" ind1=" " ind2=" ">
    <subfield code="a">30/06/15 11:06</subfield>
  </datafield>
  <datafield tag="916" ind1=" " ind2=" ">
    <subfield code="a">NULL</subfield>
  </datafield>
  <datafield tag="917" ind1=" " ind2=" ">
    <subfield code="a">NULL</subfield>
  </datafield>
  <datafield tag="918" ind1=" " ind2=" ">
    <subfield code="a">NO APLICA</subfield>
  </datafield>
  <datafield tag="919" ind1=" " ind2=" ">
    <subfield code="a">["89","94","97","128"]</subfield>
  </datafield>
  <datafield tag="520" ind1=" " ind2=" ">
    <subfield code="a">Los principales prop&#xF3;sitos del estudio consistieron en descubrir las estrategias pedag&#xF3;gicas del proceso de ense&#xF1;anza aprendizaje de la lectura y escritura en el Primer y Segundo Grado de B&#xE1;sica en centros educativos del Distrito 15-01, Los Alcarrizos, 2011-2012.&#xA0; Determinar el nivel de formaci&#xF3;n de losdocentes que imparten docencia e identificar los tipos de textos que utilizanlos educadores para la ense&#xF1;anza de la lectoescritura en el Primer y SegundoGrado de B&#xE1;sica en centros educativos del Distrito 15-01, Los Alcarrizos,2011-2012.&#xA0;Para el alcance de los objetivos el estudio emple&#xF3; una metodolog&#xED;a de corte cualitativo.&#xA0;Se trabaj&#xF3; con una poblaci&#xF3;n objeto de los docentes,&#xA0; se fundament&#xF3; en el m&#xE9;todo inductivo y los instrumentos aplicados fueron la entrevista y&#xA0; una gu&#xED;a.&#xA0;Entre los principales resultados de estudio se destaca que el 33% de los docentes conciben la escritura como la identificaci&#xF3;n de fonemas, vocales con sus sonidos hasta formar s&#xED;labas, palabras, frases, oraciones y p&#xE1;rrafos.&#xA0; Se encontr&#xF3; que la mayor&#xED;a de los docentes no realizan la evaluaci&#xF3;n diagn&#xF3;stica al inicio de la clase o al iniciar el trabajo con el nuevo contenido.&#xA0;El estudio concluye&#xA0; con respecto a los criterios de evaluaci&#xF3;n de la lectura y escritura&#xA0; en el Primer y Segundo Grado del Nivel B&#xE1;sico, que la mayor&#xED;a de los docentes no utilizan a cabalidad los criterios de evaluaci&#xF3;n de la lectura y escritura que establece el curr&#xED;culo.El estudio recomienda que es necesario que los docentes contin&#xFA;en capacit&#xE1;ndose sobre estrategias que favorezcan los aprendizajes de la lectoescritura en los primeros a&#xF1;os del nivel b&#xE1;sico y que reflexionen acerca de su propia pr&#xE1;ctica &#xE1;ulica donde se pongan de manifiesto las estrategias de pre-lectura, lectura y post-lectura para la ense&#xF1;anza de la lectura y la escritura en los primeros grados del Nivel B&#xE1;sico.</subfield>
  </datafield>
  <datafield tag="921" ind1=" " ind2=" ">
    <subfield code="a">16</subfield>
  </datafield>
  <datafield tag="922" ind1=" " ind2=" ">
    <subfield code="a">16</subfield>
  </datafield>
  <datafield tag="923" ind1=" " ind2=" ">
    <subfield code="a">0</subfield>
  </datafield>
  <datafield tag="924" ind1=" " ind2=" ">
    <subfield code="a">NO APLICA</subfield>
  </datafield>
  <datafield tag="942" ind1=" " ind2=" ">
    <subfield code="c">Tesis</subfield>
  </datafield>
  <datafield tag="999" ind1=" " ind2=" ">
    <subfield code="c">115</subfield>
    <subfield code="d">115</subfield>
  </datafield>
</record>
